How Nerdy Are You? - Statistics

General Stats
  • This quiz has been taken 278 times
    239 since last reset
  • The average score is 3 of 15
Answer Stats
Question Answer % Correct
Stan Lee created Ghost Rider, True or False? False
88%
Who is Pokemon #25? Pikachu
44%
Who was Batman's first Robin? Dick Grayson
43%
Who was Marvel's first superhero team? Fantastic 4
43%
Who knows nothing? Jon Snow
42%
Who was Venom's son? Carnage
28%
What year was Godzilla's first film? 1954
22%
Where were Batman's parents killed? Crime Alley
12%
Which comic company does Spawn belong to? Image
7%
Who is Tony Stark based on? Howard Hughes
4%
What is the seat of House Umber? Last Hearth
3%
What was Spiderman's first comic appearance? Amazing Fantasy 15
2%
What are Superman's three biggest weaknesses? Magic,kryptonite, red sun
2%
Which Pokemon can legally do the most damage in battle? Shuckle
2%
Who was the first character to die in Game of Thrones? Waymer Royce
0%
No matching quizzes found
Score Distribution
Percent of People with Each Score
Percentile by Number Answered
Your Score History
You have not taken this quiz since the last reset